Biblioteca

Worlds of history (Registro nro. 68721)

Detalles MARC
000 -LÍDER
Campo fijo de descripción fija 02623nam a2200361 i 4500
001 - NÚMERO DE CONTROL
Campo de control 768714001
003 - IDENTIFICADOR DEL NÚMERO DE CONTROL
Campo de control CO-MdFUSB
005 - FECHA Y HORA DE LA ULTIMA TRANSACCIÓN
control field 20240626095716.0
007 - CAMPO FIJO DE DESCRIPCIÓN FIJA--INFORMACIÓN GENERAL
Campo fijo de descripción fija ta
008 - ELEMENTOS DE LONGITUD FIJA -- INFORMACIÓN GENERAL
Campo fijo de descripción fija -- Información general 230417t2000 -usah||f |||| 00| 0 eng d
020 ## - NÚMERO INTERNACIONAL NORMALIZADO PARA LIBROS
Número Internacional Normalizado del libro 0312157894
020 ## - NÚMERO INTERNACIONAL NORMALIZADO PARA LIBROS
Número Internacional Normalizado del libro 0312157886
040 ## - FUENTE DE CATALOGACIÓN
Agencia de catalogación original CO-MdFUSB
Idioma de catalogación spa
Agencia que realiza la transcripción CO-MdFUSB
Agencia que realiza la modificación CO-MdFUSBC
Convenciones de la descripción rda
041 ## - CÓDIGO DE IDIOMA
Código de idioma para texto/pista de sonido o título separado eng
082 ## - NÚMERO DE CLASIFICACIÓN DECIMAL DEWEY
Número de la edición del Dewey 23
Número de clasificación 909
Clave de autor-Numero de item R362w
100 ## - ASIENTO PRINCIPAL--NOMBRE PERSONAL
Nombre personal Reilly, Kevin
Término relacionador autor
245 1# - TÍTULO
Título del Material Worlds of history
Parte restante del título - Subtitulo : a comparative reader
Mención de responsabilidad, etc. / Kevin Reilly
264 #1 - PRODUCCIÓN, PUBLICACIÓN, DISTRIBUCIÓN, MANUFACTURA, Y COPYRIGHT
Lugar de producción, publicación, distribución, manufactura Boston, Massachusetts;
Nombre del productor, publicador, distribuidor Bedford/St. Martin's,
Fecha de producción, publicación, distribución, manufactura, o copyright 2000
264 #4 - PRODUCCIÓN, PUBLICACIÓN, DISTRIBUCIÓN, MANUFACTURA, Y COPYRIGHT
Fecha de producción, publicación, distribución, manufactura, o copyright ©2000
300 ## - DESCRIPCIÓN FÍSICA
Extensión 2 volúmenes
Dimensiones ; 24 cm
336 ## - TIPO DE CONTENIDO
Fuente rdacontent
Término de tipo de contenido texto
Código de tipo de contenido txt
337 ## - TIPO DE MEDIO
Fuente rdamedia
Nombre del tipo de medio sin mediación
Código del tipo de medio n
338 ## - TIPO DE SOPORTE
Fuente rdacarrier
Nombre del tipo de soporte volumen
Código Tipo de soporte nc
504 ## - NOTA DE BIBLIOGRAFÍA, ETC.
Nota de bibliografía, etc Incluye notas
505 ## - NOTA DE CONTENIDO
Título Vol. 1: A 1550:
Nota de contenido con formato preestablecido Orígenes e historia -- Las mujeres y los orígenes del patriarcado -- La revolución urbana y la civilización -- Identidad en castas versus sociedades territoriales -- Imperio y burocracia: burocracia, ley e individualidad -- Tribal a religión universal -- Misioneros, monasterios, y conversiones -- Civilizaciones medievales -- Amor y matrimonio -- La primera cruzada -- Tecnología, ecología y ciencia -- Bárbaros y mongoles -- Ciudades: contraste y convergencia -- La conquista española de México
505 ## - NOTA DE CONTENIDO
Título Vol. 2: Desde 1400:
Nota de contenido con formato preestablecido Expansión en el extranjero a principios del período moderno: China y Europa, 1400-1600. -- Encuentros con el mundo atlántico: europeos, americanos y africanos, 1500-1750. -- Estado y religión: estados asiáticos, islámicos y cristianos, 1500-1800. -- Género y familia: China, Sudeste Asiático, Europa y "Nueva España", 1600-1750. -- La revolución científica: Europa, el Imperio Otomano, China, Japón y las Américas, 1600-1800. -- Ilustración y revolución: Europa y América, 1650-1850. -- El capitalismo y la revolución industrial: Europa y el mundo, 1750-1900. -- . Colonizados y colonizadores: europeos en África y Asia, 1850-1930. -- Nacionalismo y occidentalización: Japón, India y las Américas, 1880-1930. -- a Primera Guerra Mundial y sus consecuencias: Europa y la Unión Soviética, 1914-1920. -- Segunda Guerra Mundial y genocidio: Europa, Japón, China, Ruanda y Guatemala, 1931-1994. -- Religión y política: Israel, Palestina y Occidente, 1896 al presente. -- Mundo de mujeres: 1950 a la actualidad. -- Globalización y salud planetaria: 1960 a la actualidad.
563 ## - NOTA DE ENCUADERNACIÓN
Nota de encuadernación Rústico
650 #7 - ASIENTO SECUNDARIO DE MATERIA - TERMINO TEMÁTICO
Fuente del encabezamiento o término embne
9 (RLIN) 7023
Término temático o nombre geográfico como elemento de entrada Historia antigua
650 #7 - ASIENTO SECUNDARIO DE MATERIA - TERMINO TEMÁTICO
Fuente del encabezamiento o término embne
9 (RLIN) 6976
Término temático o nombre geográfico como elemento de entrada Historia universal
942 ## - TIPO DE MATERIAL (KOHA)
Tipo de Item KOHA Libros General
945 ## - INFORMACIÓN LOCAL DEL REGISTRO
Catalogador AF
Existencias
Estado de Material Estado de Perdido Forma de Clasificación Estado de Dañado No para Préstamo Colección Biblioteca de Origen Biblioteca Permanente Fecha de Adquisición Área Total de Préstamos Signatura Topográfica Código de Barras Última vez visto Ejemplar/Existencia Fecha de Remplazo Tipo de Material
    Dewey Decimal Classification     Colección General Biblioteca FUSBC Biblioteca FUSBC 17/04/2023 HISTORIA   G 909 R362w 24099 17/04/2023 Vol. 1, ej. 1 17/04/2023 Libros General
    Dewey Decimal Classification     Colección General Biblioteca FUSBC Biblioteca FUSBC 17/04/2023 HISTORIA   G 909 R362w 24100 18/04/2023 Vol. 2, ej. 1 17/04/2023 Libros General

Biblioteca FUSBC | Teléfono: (57+4) 349 88 10 Ext. 141| WhatsApp (+57) 3005338115 
E-mail: biblioteca@unisbc.edu.co | Calle 76 87-14 Robledo Palenque, Medellín, Colombia

Con tecnología Koha